00628nam a22001817a 4500003000900000008004100009040007100050082002000121100003900141245006500180260003900245300004400284440005100328650001500379650001700394650002400411650001100435AR-CdUCM190226b ||||| |||| 00| 0 spa d aMUNICIPALIDAD PROVINCIAL DEL CUSCOcBIBLIOTECA MUNICIPAL DEL CUSCO a984.009 /bA62V aDel Valle de Siles, María Eugnia aBartolina Sisa, Gregoria Apaza :bdos heroinas indígenas / aBolivia :bKhana Cruz S.R.Lc1981. a73 páginas ;c26 cm.bilustraciones ; aColección Juvenil de Biografías Brevesn16 aFeminismo  aTupac Katari aHistoria boliviana  aLa Paz